000
00309nam a2200133Ia 4500
008
100328s9999 xx 000 0 und d
082
_b
16140
100
_a
Willims Charles
245
_a
Shakespeare
260
_b
Oxford, Clarendon Press
630
_a
Shakespeare
730
_a
Shakespeare
942
_c
BOOK
999
_c
510861
_d
510858